[Event "Chessable Masters - Torneo preliminare"]
[White "Lenderman, Aleksandr"]
[Black "Preotu, Razvan"]
[WhiteFideId "2021285"]
[BlackFideId "2613280"]
[WhiteElo "2646"]
[BlackElo "2532"]
[Result "0-1"]
[Round "4"]
[TimeControl "600+2"]
[Date "2023.03.13"]
[WhiteClock "0:02:09"]
[BlackClock "0:00:16"]

1. Nf3 {[%clk 0:10:00]}  c5 {[%clk 0:09:52]} 2. b3 {[%clk 0:10:00]}  Nf6 {[%clk 0:09:46]} 3. Bb2 {[%clk 0:10:01]}  Nc6 {[%clk 0:09:09]} 4. c4 {[%clk 0:09:55]}  d5 {[%clk 0:09:06]} 5. cxd5 {[%clk 0:09:54]}  Nxd5 {[%clk 0:09:08]} 6. Nc3 {[%clk 0:09:54]}  Nxc3 {[%clk 0:09:06]} 7. Bxc3 {[%clk 0:09:49]}  f6 {[%clk 0:09:05]} 8. e3 {[%clk 0:09:21]}  e5 {[%clk 0:09:06]} 9. Bc4 {[%clk 0:09:22]}  Bf5 {[%clk 0:09:06]} 10. O-O {[%clk 0:09:18]}  Bd3 {[%clk 0:08:48]} 11. Bxd3 {[%clk 0:08:28]}  Qxd3 {[%clk 0:08:50]} 12. Qb1 {[%clk 0:08:29]}  O-O-O {[%clk 0:08:34]} 13. Qxd3 {[%clk 0:08:25]}  Rxd3 {[%clk 0:08:36]} 14. Rfd1 {[%clk 0:08:27]}  Be7 {[%clk 0:07:51]} 15. Kf1 {[%clk 0:08:24]}  Rhd8 {[%clk 0:07:51]} 16. Ke2 {[%clk 0:08:25]}  b5 {[%clk 0:07:24]} 17. g4 {[%clk 0:08:20]}  b4 {[%clk 0:06:45]} 18. Bb2 {[%clk 0:08:08]}  Kb7 {[%clk 0:05:52]} 19. Rac1 {[%clk 0:07:53]}  a5 {[%clk 0:05:52]} 20. Nd4 {[%clk 0:07:07]}  R3xd4 {[%clk 0:05:02]} 21. exd4 {[%clk 0:07:06]}  exd4 {[%clk 0:04:58]} 22. f4 {[%clk 0:06:41]}  a4 {[%clk 0:04:34]} 23. Rb1 {[%clk 0:06:34]}  a3 {[%clk 0:04:22]} 24. Ba1 {[%clk 0:06:17]}  f5 {[%clk 0:03:50]} 25. g5 {[%clk 0:05:44]}  Bd6 {[%clk 0:03:37]} 26. Kd3 {[%clk 0:04:51]}  Bxf4 {[%clk 0:03:22]} 27. Rf1 {[%clk 0:04:52]}  Ne5+ {[%clk 0:03:22]} 28. Kc2 {[%clk 0:04:53]}  Bxg5 {[%clk 0:02:41]} 29. Rxf5 {[%clk 0:04:54]}  Bf6 {[%clk 0:02:43]} 30. Rbf1 {[%clk 0:04:54]}  Kc6 {[%clk 0:02:32]} 31. h4 {[%clk 0:04:55]}  Kd5 {[%clk 0:02:29]} 32. h5 {[%clk 0:04:54]}  h6 {[%clk 0:02:30]} 33. Re1 {[%clk 0:04:27]}  Ke6 {[%clk 0:02:19]} 34. Rf4 {[%clk 0:04:25]}  Rd5 {[%clk 0:02:17]} 35. Ree4 {[%clk 0:04:24]}  Rd8 {[%clk 0:01:14]} 36. Kd1 {[%clk 0:04:18]}  Rb8 {[%clk 0:00:29]} 37. Ke2 {[%clk 0:04:11]}  Kd5 {[%clk 0:00:29]} 38. Bxd4 {[%clk 0:04:07]}  cxd4 {[%clk 0:00:31]} 39. Rxd4+ {[%clk 0:04:08]}  Kc5 {[%clk 0:00:33]} 40. Rde4 {[%clk 0:04:04]}  Nc6 {[%clk 0:00:30]} 41. Rc4+ {[%clk 0:03:51]}  Kd6 {[%clk 0:00:28]} 42. d4 {[%clk 0:03:45]}  Rb5 {[%clk 0:00:29]} 43. Kd3 {[%clk 0:03:14]}  Rxh5 {[%clk 0:00:30]} 44. Ke4 {[%clk 0:03:15]}  Rh2 {[%clk 0:00:22]} 45. d5 {[%clk 0:03:16]}  Ne7 {[%clk 0:00:23]} 46. Rf3 {[%clk 0:03:07]}  Nxd5 {[%clk 0:00:10]} 47. Rd3 {[%clk 0:03:08]}  Rh4+ {[%clk 0:00:11]} 48. Kf5 {[%clk 0:03:02]}  Rh5+ {[%clk 0:00:13]} 49. Kg6 {[%clk 0:03:03]}  Rg5+ {[%clk 0:00:14]} 50. Kf7 {[%clk 0:03:04]}  Bc3 {[%clk 0:00:06]} 51. Rc8 {[%clk 0:02:58]}  Ke5 {[%clk 0:00:05]} 52. Re8+ {[%clk 0:02:49]}  Kf4 {[%clk 0:00:07]} 53. Re2 {[%clk 0:02:45]}  Nf6 {[%clk 0:00:07]} 54. Rd1 {[%clk 0:02:24]}  Ng4 {[%clk 0:00:07]} 55. Rf1+ {[%clk 0:02:23]}  Kg3 {[%clk 0:00:09]} 56. Kg8 {[%clk 0:02:15]}  h5 {[%clk 0:00:10]} 57. Rg1+ {[%clk 0:02:07]}  Kf3 {[%clk 0:00:11]} 58. Rc2 {[%clk 0:02:08]}  h4 {[%clk 0:00:12]} 59. Rf1+ {[%clk 0:02:09]}  Ke3 {[%clk 0:00:13]} 60. Rg2 {[%clk 0:02:09]}  Nh6+ {[%clk 0:00:14]} 61. Kh7 {[%clk 0:02:09]}  Rxg2 {[%clk 0:00:16]} 0-1


[Site "Internet"]

[Event "Chessable Masters - Torneo preliminare"]
[White "Christiansen, Johan-Sebastian"]
[Black "Sjugirov, Sanan"]
[WhiteFideId "1512668"]
[BlackFideId "4189302"]
[WhiteElo "2481"]
[BlackElo "2543"]
[Result "0-1"]
[Round "4"]
[TimeControl "600+2"]
[Date "2023.03.13"]
[WhiteClock "0:01:01"]
[BlackClock "0:03:45"]

1. e4 {[%clk 0:10:00]}  c5 {[%clk 0:09:58]} 2. Nf3 {[%clk 0:09:55]}  Nc6 {[%clk 0:09:59]} 3. b4 {[%clk 0:09:56]}  cxb4 {[%clk 0:09:48]} 4. d4 {[%clk 0:09:57]}  d6 {[%clk 0:09:33]} 5. d5 {[%clk 0:09:42]}  Nb8 {[%clk 0:09:34]} 6. a3 {[%clk 0:09:42]}  bxa3 {[%clk 0:09:33]} 7. Nxa3 {[%clk 0:09:36]}  Nf6 {[%clk 0:09:32]} 8. Bb5+ {[%clk 0:08:18]}  Nbd7 {[%clk 0:09:28]} 9. e5 {[%clk 0:08:06]}  dxe5 {[%clk 0:09:28]} 10. Nxe5 {[%clk 0:08:08]}  g6 {[%clk 0:09:10]} 11. O-O {[%clk 0:07:59]}  Bg7 {[%clk 0:09:11]} 12. Bb2 {[%clk 0:07:56]}  O-O {[%clk 0:09:10]} 13. Nf3 {[%clk 0:07:05]}  a6 {[%clk 0:08:57]} 14. Be2 {[%clk 0:07:06]}  b5 {[%clk 0:08:33]} 15. Nxb5 {[%clk 0:07:03]}  Rb8 {[%clk 0:08:34]} 16. Bxf6 {[%clk 0:06:50]}  Nxf6 {[%clk 0:08:33]} 17. Nbd4 {[%clk 0:06:42]}  Qxd5 {[%clk 0:08:26]} 18. Bxa6 {[%clk 0:06:43]}  Bxa6 {[%clk 0:07:46]} 19. Rxa6 {[%clk 0:06:45]}  Rfc8 {[%clk 0:07:47]} 20. Re1 {[%clk 0:06:05]}  Qc4 {[%clk 0:07:26]} 21. Ra7 {[%clk 0:06:02]}  Nd5 {[%clk 0:07:26]} 22. h4 {[%clk 0:05:51]}  Rb4 {[%clk 0:07:06]} 23. Ne2 {[%clk 0:04:52]}  Bf6 {[%clk 0:06:24]} 24. Ng3 {[%clk 0:04:51]}  Nc3 {[%clk 0:05:41]} 25. Qd2 {[%clk 0:04:30]}  Nb5 {[%clk 0:05:08]} 26. Rb7 {[%clk 0:04:31]}  Bc3 {[%clk 0:04:47]} 27. Qh6 {[%clk 0:04:33]}  Bxe1 {[%clk 0:04:39]} 28. Nh5 {[%clk 0:04:02]}  Bxf2+ {[%clk 0:04:12]} 29. Kxf2 {[%clk 0:03:13]}  Qxc2+ {[%clk 0:03:52]} 30. Kg3 {[%clk 0:02:54]}  gxh5 {[%clk 0:03:51]} 31. Qxh5 {[%clk 0:00:54]}  Qg6+ {[%clk 0:03:49]} 32. Qxg6+ {[%clk 0:00:55]}  hxg6 {[%clk 0:03:50]} 33. Rxe7 {[%clk 0:00:56]}  Nd4 {[%clk 0:03:47]} 34. Rd7 {[%clk 0:00:57]}  Nxf3 {[%clk 0:03:45]} 35. gxf3 {[%clk 0:00:58]}  Rc3 {[%clk 0:03:44]} 36. h5 {[%clk 0:00:58]}  gxh5 {[%clk 0:03:44]} 37. Rd8+ {[%clk 0:01:00]}  Kg7 {[%clk 0:03:45]} 38. Rd4 {[%clk 0:01:01]}  Rxd4 {[%clk 0:03:45]} 0-1


[Site "Internet"]

[Event "Chessable Masters - Torneo preliminare"]
[White "Van Foreest, Lucas"]
[Black "Weetik, Vjacheslav"]
[WhiteFideId "1039792"]
[BlackFideId "4153472"]
[WhiteElo "2483"]
[BlackElo "2445"]
[Result "1-0"]
[Round "4"]
[TimeControl "600+2"]
[Date "2023.03.13"]
[WhiteClock "0:02:16"]
[BlackClock "0:00:03"]

1. d4 {[%clk 0:10:01]}  Nf6 {[%clk 0:09:58]} 2. c4 {[%clk 0:10:02]}  e6 {[%clk 0:09:51]} 3. Nc3 {[%clk 0:10:03]}  d5 {[%clk 0:09:46]} 4. cxd5 {[%clk 0:10:01]}  exd5 {[%clk 0:09:47]} 5. Bg5 {[%clk 0:10:02]}  c6 {[%clk 0:09:47]} 6. e3 {[%clk 0:10:03]}  Be7 {[%clk 0:09:47]} 7. Bd3 {[%clk 0:10:02]}  Nbd7 {[%clk 0:09:48]} 8. h3 {[%clk 0:10:02]}  g6 {[%clk 0:09:44]} 9. Bf4 {[%clk 0:09:49]}  Nh5 {[%clk 0:09:26]} 10. Bh2 {[%clk 0:09:50]}  Nb6 {[%clk 0:09:23]} 11. Nf3 {[%clk 0:09:48]}  Ng7 {[%clk 0:09:10]} 12. O-O {[%clk 0:09:43]}  O-O {[%clk 0:09:01]} 13. Rc1 {[%clk 0:09:25]}  Bd6 {[%clk 0:08:46]} 14. Ne5 {[%clk 0:09:16]}  f6 {[%clk 0:08:25]} 15. Nf3 {[%clk 0:09:16]}  Bxh2+ {[%clk 0:08:20]} 16. Kxh2 {[%clk 0:09:18]}  Bf5 {[%clk 0:08:19]} 17. e4 {[%clk 0:08:58]}  dxe4 {[%clk 0:08:16]} 18. Nxe4 {[%clk 0:08:58]}  Kh8 {[%clk 0:08:06]} 19. Kg1 {[%clk 0:08:50]}  Nd5 {[%clk 0:07:58]} 20. Re1 {[%clk 0:08:43]}  Ne6 {[%clk 0:07:09]} 21. Nc5 {[%clk 0:08:34]}  Nxc5 {[%clk 0:06:48]} 22. Bxf5 {[%clk 0:08:35]}  Na6 {[%clk 0:06:33]} 23. Bd3 {[%clk 0:08:25]}  Nac7 {[%clk 0:06:31]} 24. Qb3 {[%clk 0:08:20]}  Rb8 {[%clk 0:06:25]} 25. Qa3 {[%clk 0:08:19]}  a6 {[%clk 0:06:21]} 26. Nd2 {[%clk 0:08:20]}  Nb5 {[%clk 0:06:07]} 27. Bxb5 {[%clk 0:08:18]}  axb5 {[%clk 0:06:08]} 28. Ne4 {[%clk 0:08:19]}  Re8 {[%clk 0:05:28]} 29. Qg3 {[%clk 0:06:58]}  Qa5 {[%clk 0:05:10]} 30. a3 {[%clk 0:05:49]}  Rbd8 {[%clk 0:04:22]} 31. b4 {[%clk 0:05:24]}  Qa8 {[%clk 0:04:07]} 32. Qh4 {[%clk 0:05:13]}  Kg7 {[%clk 0:03:53]} 33. Nc5 {[%clk 0:04:58]}  Qxa3 {[%clk 0:03:20]} 34. Kh2 {[%clk 0:04:27]}  Qxb4 {[%clk 0:02:10]} 35. Re4 {[%clk 0:04:15]}  Qd2 {[%clk 0:00:41]} 36. Ra1 {[%clk 0:03:21]}  g5 {[%clk 0:00:32]} 37. Qg4 {[%clk 0:03:02]}  h5 {[%clk 0:00:18]} 38. Qxh5 {[%clk 0:02:40]}  Rxe4 {[%clk 0:00:18]} 39. Nxe4 {[%clk 0:02:42]}  Qf4+ {[%clk 0:00:20]} 40. Ng3 {[%clk 0:02:44]}  Rh8 {[%clk 0:00:17]} 41. Qe2 {[%clk 0:02:40]}  g4 {[%clk 0:00:09]} 42. Ra7 {[%clk 0:02:25]}  Qb8 {[%clk 0:00:11]} 43. Qxg4+ {[%clk 0:02:21]}  Kf8 {[%clk 0:00:05]} 44. Ra2 {[%clk 0:02:21]}  Qf4 {[%clk 0:00:04]} 45. Ra8+ {[%clk 0:02:18]}  Kf7 {[%clk 0:00:03]} 46. Qd7+ {[%clk 0:02:15]}  Kg6 {[%clk 0:00:03]} 47. Rxh8 {[%clk 0:02:16]} 1-0


[Site "Internet"]

[Event "Chessable Masters - Torneo preliminare"]
[White "Sychev, Klementy"]
[Black "Xu, Yi"]
[WhiteFideId "4114060"]
[BlackFideId "8605564"]
[WhiteElo "2484"]
[BlackElo "2402"]
[Result "1-0"]
[Round "4"]
[TimeControl "600+2"]
[Date "2023.03.13"]
[WhiteClock "0:00:14"]
[BlackClock "0:00:09"]

1. e4 {[%clk 0:09:58]}  e5 {[%clk 0:10:00]} 2. Nf3 {[%clk 0:09:58]}  Nf6 {[%clk 0:10:00]} 3. d4 {[%clk 0:08:39]}  Nxe4 {[%clk 0:10:00]} 4. Bd3 {[%clk 0:08:40]}  Nc6 {[%clk 0:09:48]} 5. Nxe5 {[%clk 0:08:34]}  Nxe5 {[%clk 0:09:43]} 6. dxe5 {[%clk 0:08:36]}  Nc5 {[%clk 0:09:40]} 7. Bc4 {[%clk 0:08:37]}  d6 {[%clk 0:09:40]} 8. Qf3 {[%clk 0:08:27]}  Ne6 {[%clk 0:09:39]} 9. Be3 {[%clk 0:06:29]}  dxe5 {[%clk 0:09:39]} 10. Nd2 {[%clk 0:06:30]}  Bd6 {[%clk 0:09:23]} 11. O-O-O {[%clk 0:06:31]}  O-O {[%clk 0:09:20]} 12. Ne4 {[%clk 0:06:24]}  Kh8 {[%clk 0:09:08]} 13. h4 {[%clk 0:05:56]}  Qe7 {[%clk 0:08:43]} 14. Nxd6 {[%clk 0:05:04]}  cxd6 {[%clk 0:08:42]} 15. Qd5 {[%clk 0:05:06]}  Rd8 {[%clk 0:07:26]} 16. Rd2 {[%clk 0:04:32]}  f6 {[%clk 0:07:13]} 17. Rhd1 {[%clk 0:02:49]}  Nc7 {[%clk 0:06:58]} 18. Qe4 {[%clk 0:02:45]}  Be6 {[%clk 0:06:04]} 19. Bxe6 {[%clk 0:02:30]}  Nxe6 {[%clk 0:06:04]} 20. Qb4 {[%clk 0:02:27]}  a5 {[%clk 0:04:10]} 21. Qa3 {[%clk 0:02:27]}  Ra6 {[%clk 0:03:36]} 22. Rd5 {[%clk 0:02:28]}  a4 {[%clk 0:03:25]} 23. Qb4 {[%clk 0:02:28]}  a3 {[%clk 0:03:13]} 24. b3 {[%clk 0:02:04]}  Qc7 {[%clk 0:03:12]} 25. Rb5 {[%clk 0:02:01]}  Rc8 {[%clk 0:02:53]} 26. Rd2 {[%clk 0:01:35]}  Rc6 {[%clk 0:02:18]} 27. c4 {[%clk 0:01:35]}  Nc5 {[%clk 0:02:18]} 28. Bxc5 {[%clk 0:01:16]}  dxc5 {[%clk 0:02:16]} 29. Qxa3 {[%clk 0:01:17]}  e4 {[%clk 0:02:04]} 30. Qa7 {[%clk 0:01:06]}  Qe5 {[%clk 0:01:46]} 31. Rxb7 {[%clk 0:00:39]}  Rd6 {[%clk 0:00:23]} 32. Rxd6 {[%clk 0:00:25]}  Qxd6 {[%clk 0:00:22]} 33. Rxg7 {[%clk 0:00:16]}  Qf4+ {[%clk 0:00:20]} 34. Kb1 {[%clk 0:00:11]}  Qh6 {[%clk 0:00:13]} 35. Re7 {[%clk 0:00:04]}  Qg6 {[%clk 0:00:05]} 36. Qd7 {[%clk 0:00:02]}  e3+ {[%clk 0:00:03]} 37. Kb2 {[%clk 0:00:03]}  Rf8 {[%clk 0:00:04]} 38. fxe3 {[%clk 0:00:03]}  Qxg2+ {[%clk 0:00:05]} 39. Kc3 {[%clk 0:00:04]}  Qg6 {[%clk 0:00:04]} 40. Qd3 {[%clk 0:00:06]}  f5 {[%clk 0:00:05]} 41. Qd5 {[%clk 0:00:07]}  Qh6 {[%clk 0:00:03]} 42. Qe5+ {[%clk 0:00:07]}  Kg8 {[%clk 0:00:05]} 43. Qe6+ {[%clk 0:00:09]}  Qxe6 {[%clk 0:00:05]} 44. Rxe6 {[%clk 0:00:11]}  Ra8 {[%clk 0:00:06]} 45. a4 {[%clk 0:00:12]}  Kf7 {[%clk 0:00:07]} 46. Re5 {[%clk 0:00:13]}  f4 {[%clk 0:00:09]} 47. exf4 {[%clk 0:00:14]} 1-0


[Site "Internet"]

[Event "Chessable Masters - Torneo preliminare"]
[White "Shimanov, Aleksandr"]
[Black "Vetoshko, Volodymyr"]
[WhiteFideId "4198603"]
[BlackFideId "14122480"]
[WhiteElo "2610"]
[BlackElo "2457"]
[Result "1-0"]
[Round "4"]
[TimeControl "600+2"]
[Date "2023.03.13"]
[WhiteClock "0:01:09"]
[BlackClock "0:00:03"]

1. e4 {[%clk 0:10:01]}  c5 {[%clk 0:10:00]} 2. Nf3 {[%clk 0:10:00]}  e6 {[%clk 0:09:59]} 3. c3 {[%clk 0:10:00]}  d5 {[%clk 0:09:53]} 4. exd5 {[%clk 0:10:00]}  Qxd5 {[%clk 0:09:50]} 5. d4 {[%clk 0:10:01]}  Nf6 {[%clk 0:09:51]} 6. Na3 {[%clk 0:10:01]}  Qd8 {[%clk 0:09:39]} 7. Bf4 {[%clk 0:09:20]}  cxd4 {[%clk 0:08:20]} 8. Nxd4 {[%clk 0:09:14]}  Nd5 {[%clk 0:05:58]} 9. Bg3 {[%clk 0:09:12]}  Be7 {[%clk 0:05:42]} 10. Nc4 {[%clk 0:09:03]}  O-O {[%clk 0:05:37]} 11. Bd3 {[%clk 0:09:03]}  Nd7 {[%clk 0:05:01]} 12. O-O {[%clk 0:08:53]}  N7f6 {[%clk 0:04:55]} 13. Qe2 {[%clk 0:08:45]}  Bd7 {[%clk 0:04:54]} 14. Rad1 {[%clk 0:08:44]}  Rc8 {[%clk 0:04:36]} 15. Rfe1 {[%clk 0:08:39]}  Re8 {[%clk 0:04:34]} 16. Ne5 {[%clk 0:08:19]}  Bf8 {[%clk 0:04:23]} 17. Bb1 {[%clk 0:08:09]}  Ba4 {[%clk 0:03:57]} 18. Rd2 {[%clk 0:08:04]}  Qb6 {[%clk 0:03:54]} 19. Qf3 {[%clk 0:07:39]}  Red8 {[%clk 0:03:33]} 20. Bh4 {[%clk 0:07:23]}  Be8 {[%clk 0:03:27]} 21. Qh3 {[%clk 0:06:47]}  Nf4 {[%clk 0:03:21]} 22. Qf3 {[%clk 0:06:38]}  Ng6 {[%clk 0:02:28]} 23. Bxg6 {[%clk 0:06:29]}  hxg6 {[%clk 0:02:30]} 24. Bxf6 {[%clk 0:05:55]}  gxf6 {[%clk 0:02:32]} 25. Qxf6 {[%clk 0:05:56]}  Bg7 {[%clk 0:02:32]} 26. Qf4 {[%clk 0:05:55]}  f6 {[%clk 0:02:17]} 27. Nxg6 {[%clk 0:04:11]}  Bxg6 {[%clk 0:02:19]} 28. Qg4 {[%clk 0:04:06]}  Bf7 {[%clk 0:01:25]} 29. Rd3 {[%clk 0:03:39]}  Rd5 {[%clk 0:00:47]} 30. h4 {[%clk 0:03:19]}  f5 {[%clk 0:00:41]} 31. Qg3 {[%clk 0:03:06]}  Qd6 {[%clk 0:00:32]} 32. Nxe6 {[%clk 0:02:22]}  Qxg3 {[%clk 0:00:28]} 33. Rxg3 {[%clk 0:02:24]}  Bxe6 {[%clk 0:00:23]} 34. Rxe6 {[%clk 0:02:26]}  Kf7 {[%clk 0:00:21]} 35. Re2 {[%clk 0:01:58]}  Be5 {[%clk 0:00:15]} 36. Rge3 {[%clk 0:01:59]}  Rd1+ {[%clk 0:00:14]} 37. Re1 {[%clk 0:02:00]}  Rxe1+ {[%clk 0:00:14]} 38. Rxe1 {[%clk 0:02:02]}  Bf6 {[%clk 0:00:12]} 39. g3 {[%clk 0:02:02]}  Rd8 {[%clk 0:00:14]} 40. Re2 {[%clk 0:02:03]}  f4 {[%clk 0:00:08]} 41. Kg2 {[%clk 0:02:04]}  Rd3 {[%clk 0:00:09]} 42. Kh3 {[%clk 0:02:00]}  f3 {[%clk 0:00:09]} 43. Rc2 {[%clk 0:02:00]}  b5 {[%clk 0:00:06]} 44. Kg4 {[%clk 0:02:02]}  Be5 {[%clk 0:00:06]} 45. Kf5 {[%clk 0:02:00]}  Bc7 {[%clk 0:00:03]} 46. Ke4 {[%clk 0:02:01]}  Rd1 {[%clk 0:00:05]} 47. Kxf3 {[%clk 0:02:02]}  Bb6 {[%clk 0:00:06]} 48. Kg4 {[%clk 0:01:36]}  Rf1 {[%clk 0:00:06]} 49. f4 {[%clk 0:01:37]}  a5 {[%clk 0:00:05]} 50. Re2 {[%clk 0:01:33]}  Ra1 {[%clk 0:00:04]} 51. Re5 {[%clk 0:01:28]}  Rxa2 {[%clk 0:00:04]} 52. Rxb5 {[%clk 0:01:29]}  Be3 {[%clk 0:00:06]} 53. h5 {[%clk 0:01:16]}  Bc1 {[%clk 0:00:07]} 54. Rb7+ {[%clk 0:01:16]}  Kg8 {[%clk 0:00:05]} 55. b3 {[%clk 0:01:16]}  Bb2 {[%clk 0:00:05]} 56. c4 {[%clk 0:01:09]}  Bc3 {[%clk 0:00:05]} 57. c5 {[%clk 0:01:09]}  Rd2 {[%clk 0:00:03]} 58. c6 {[%clk 0:01:09]} 1-0


[Site "Internet"]

[Event "Chessable Masters - Torneo preliminare"]
[White "Sargissian, Gabriel"]
[Black "Shyam, Sundar M."]
[WhiteFideId "13300881"]
[BlackFideId "5019141"]
[WhiteElo "2628"]
[BlackElo "2464"]
[Result "1-0"]
[Round "4"]
[TimeControl "600+2"]
[Date "2023.03.13"]
[WhiteClock "0:05:46"]
[BlackClock "0:00:04"]

1. d4 {[%clk 0:10:01]}  Nf6 {[%clk 0:10:00]} 2. c4 {[%clk 0:10:02]}  g6 {[%clk 0:10:02]} 3. Nc3 {[%clk 0:10:03]}  Bg7 {[%clk 0:10:03]} 4. e4 {[%clk 0:10:04]}  d6 {[%clk 0:10:05]} 5. Nf3 {[%clk 0:10:05]}  O-O {[%clk 0:10:04]} 6. Be2 {[%clk 0:10:07]}  e5 {[%clk 0:09:56]} 7. O-O {[%clk 0:10:08]}  Nc6 {[%clk 0:09:48]} 8. d5 {[%clk 0:10:08]}  Ne7 {[%clk 0:09:50]} 9. b4 {[%clk 0:10:10]}  Ne8 {[%clk 0:09:51]} 10. a4 {[%clk 0:10:07]}  h6 {[%clk 0:09:19]} 11. a5 {[%clk 0:10:07]}  f5 {[%clk 0:09:18]} 12. c5 {[%clk 0:09:41]}  Nf6 {[%clk 0:09:09]} 13. Nd2 {[%clk 0:09:30]}  f4 {[%clk 0:08:28]} 14. b5 {[%clk 0:09:30]}  g5 {[%clk 0:08:20]} 15. h3 {[%clk 0:09:31]}  dxc5 {[%clk 0:07:06]} 16. Nc4 {[%clk 0:09:30]}  Ng6 {[%clk 0:07:07]} 17. d6 {[%clk 0:09:08]}  Be6 {[%clk 0:06:32]} 18. dxc7 {[%clk 0:08:33]}  Qxc7 {[%clk 0:06:30]} 19. b6 {[%clk 0:08:04]}  axb6 {[%clk 0:05:48]} 20. axb6 {[%clk 0:08:05]}  Qc6 {[%clk 0:05:18]} 21. Rxa8 {[%clk 0:08:04]}  Rxa8 {[%clk 0:05:14]} 22. Qd6 {[%clk 0:08:06]}  Qe8 {[%clk 0:04:20]} 23. Qc7 {[%clk 0:07:55]}  f3 {[%clk 0:03:56]} 24. Nd6 {[%clk 0:07:49]}  fxe2 {[%clk 0:03:56]} 25. Nxe8 {[%clk 0:07:50]}  exf1=Q+ {[%clk 0:03:58]} 26. Kxf1 {[%clk 0:07:51]}  Nxe8 {[%clk 0:03:36]} 27. Qxb7 {[%clk 0:07:52]}  Ra1 {[%clk 0:03:38]} 28. Ne2 {[%clk 0:07:44]}  Bc4 {[%clk 0:03:38]} 29. Ke1 {[%clk 0:07:45]}  Bxe2 {[%clk 0:03:35]} 30. Kxe2 {[%clk 0:07:47]}  Rxc1 {[%clk 0:03:36]} 31. Qc8 {[%clk 0:07:01]}  Kf7 {[%clk 0:03:22]} 32. b7 {[%clk 0:07:01]}  Nf4+ {[%clk 0:03:07]} 33. Kd2 {[%clk 0:07:01]}  Rb1 {[%clk 0:03:08]} 34. g3 {[%clk 0:06:54]}  Ne6 {[%clk 0:01:38]} 35. b8=Q {[%clk 0:06:54]}  Rxb8 {[%clk 0:01:40]} 36. Qxb8 {[%clk 0:06:55]}  N8c7 {[%clk 0:01:10]} 37. Kc3 {[%clk 0:06:48]}  Bf8 {[%clk 0:01:11]} 38. Kc4 {[%clk 0:06:49]}  Ke7 {[%clk 0:01:06]} 39. Qc8 {[%clk 0:06:46]}  Kf7 {[%clk 0:01:05]} 40. Qd7+ {[%clk 0:06:44]}  Be7 {[%clk 0:01:07]} 41. Qd1 {[%clk 0:06:46]}  Kg7 {[%clk 0:01:03]} 42. Qg4 {[%clk 0:06:46]}  Kf7 {[%clk 0:00:52]} 43. Qf5+ {[%clk 0:06:45]}  Bf6 {[%clk 0:00:53]} 44. Qh7+ {[%clk 0:06:44]}  Bg7 {[%clk 0:00:54]} 45. Qf5+ {[%clk 0:06:44]}  Bf6 {[%clk 0:00:49]} 46. Qg4 {[%clk 0:06:45]}  Bg7 {[%clk 0:00:46]} 47. Qd1 {[%clk 0:06:42]}  Ke7 {[%clk 0:00:45]} 48. Qh5 {[%clk 0:06:40]}  Kf6 {[%clk 0:00:44]} 49. h4 {[%clk 0:06:41]}  gxh4 {[%clk 0:00:36]} 50. Qxh4+ {[%clk 0:06:42]}  Kf7 {[%clk 0:00:37]} 51. f4 {[%clk 0:06:41]}  exf4 {[%clk 0:00:36]} 52. gxf4 {[%clk 0:06:42]}  Ne8 {[%clk 0:00:35]} 53. e5 {[%clk 0:06:36]}  Nd4 {[%clk 0:00:08]} 54. Qh5+ {[%clk 0:06:33]}  Kf8 {[%clk 0:00:08]} 55. Qg6 {[%clk 0:06:28]}  Ne2 {[%clk 0:00:04]} 56. Kxc5 {[%clk 0:05:49]}  Ke7 {[%clk 0:00:02]} 57. Qg4 {[%clk 0:05:45]}  Bf8 {[%clk 0:00:02]} 58. Qxe2 {[%clk 0:05:45]}  Kf7+ {[%clk 0:00:03]} 59. Kd5 {[%clk 0:05:45]}  Nc7+ {[%clk 0:00:04]} 60. Ke4 {[%clk 0:05:46]} 1-0


[Site "Internet"]

[Event "Chessable Masters - Torneo preliminare"]
[White "Steinberg, Nitzan"]
[Black "Rasulov, Vugar"]
[WhiteFideId "2801795"]
[BlackFideId "13402390"]
[WhiteElo "2500"]
[BlackElo "2415"]
[Result "1-0"]
[Round "4"]
[TimeControl "600+2"]
[Date "2023.03.13"]
[WhiteClock "0:00:40"]
[BlackClock "0:00:14"]

1. e4 {[%clk 0:10:01]}  c5 {[%clk 0:09:56]} 2. Nf3 {[%clk 0:10:03]}  Nc6 {[%clk 0:09:56]} 3. Bb5 {[%clk 0:10:03]}  d6 {[%clk 0:09:54]} 4. O-O {[%clk 0:09:59]}  Bd7 {[%clk 0:09:54]} 5. c3 {[%clk 0:10:00]}  Nf6 {[%clk 0:09:47]} 6. Re1 {[%clk 0:10:01]}  a6 {[%clk 0:09:47]} 7. Bf1 {[%clk 0:10:01]}  Bg4 {[%clk 0:09:44]} 8. d4 {[%clk 0:09:50]}  g6 {[%clk 0:09:12]} 9. Be3 {[%clk 0:09:06]}  cxd4 {[%clk 0:08:54]} 10. cxd4 {[%clk 0:09:07]}  Bg7 {[%clk 0:08:46]} 11. Nbd2 {[%clk 0:08:43]}  d5 {[%clk 0:08:30]} 12. e5 {[%clk 0:08:36]}  Ne4 {[%clk 0:08:30]} 13. Nb3 {[%clk 0:08:11]}  O-O {[%clk 0:08:20]} 14. h3 {[%clk 0:08:12]}  Bf5 {[%clk 0:08:09]} 15. Nh4 {[%clk 0:07:52]}  Be6 {[%clk 0:07:44]} 16. Bd3 {[%clk 0:07:23]}  f5 {[%clk 0:07:13]} 17. f3 {[%clk 0:06:30]}  Ng3 {[%clk 0:06:49]} 18. Qd2 {[%clk 0:06:14]}  Bc8 {[%clk 0:06:29]} 19. Kh2 {[%clk 0:05:41]}  Nh5 {[%clk 0:06:14]} 20. g4 {[%clk 0:05:03]}  fxg4 {[%clk 0:06:08]} 21. hxg4 {[%clk 0:04:51]}  Nxe5 {[%clk 0:05:54]} 22. dxe5 {[%clk 0:04:29]}  Bxe5+ {[%clk 0:05:56]} 23. Kg1 {[%clk 0:04:28]}  Nf4 {[%clk 0:05:43]} 24. Bf1 {[%clk 0:03:53]}  e6 {[%clk 0:05:35]} 25. Bf2 {[%clk 0:03:51]}  Bg7 {[%clk 0:05:15]} 26. Bg3 {[%clk 0:03:37]}  e5 {[%clk 0:05:08]} 27. Rad1 {[%clk 0:03:28]}  Kh8 {[%clk 0:04:25]} 28. Qh2 {[%clk 0:03:16]}  Kg8 {[%clk 0:04:13]} 29. Ng2 {[%clk 0:02:55]}  g5 {[%clk 0:03:19]} 30. Nxf4 {[%clk 0:02:56]}  gxf4 {[%clk 0:03:13]} 31. Bh4 {[%clk 0:02:57]}  Qd6 {[%clk 0:03:01]} 32. Bd3 {[%clk 0:02:58]}  h6 {[%clk 0:02:25]} 33. Be4 {[%clk 0:02:57]}  Be6 {[%clk 0:02:10]} 34. Qd2 {[%clk 0:02:56]}  Rad8 {[%clk 0:01:49]} 35. Bxd8 {[%clk 0:02:56]}  Rxd8 {[%clk 0:01:51]} 36. Bf5 {[%clk 0:02:25]}  Bf7 {[%clk 0:01:51]} 37. Rc1 {[%clk 0:02:23]}  b6 {[%clk 0:01:44]} 38. Rc2 {[%clk 0:02:06]}  a5 {[%clk 0:01:26]} 39. Nc1 {[%clk 0:02:00]}  h5 {[%clk 0:01:18]} 40. Nd3 {[%clk 0:01:53]}  hxg4 {[%clk 0:01:19]} 41. Bxg4 {[%clk 0:01:54]}  Bg6 {[%clk 0:01:18]} 42. Rec1 {[%clk 0:01:52]}  Qe7 {[%clk 0:01:13]} 43. Rc8 {[%clk 0:01:36]}  Rf8 {[%clk 0:00:50]} 44. Rxf8+ {[%clk 0:01:35]}  Bxf8 {[%clk 0:00:52]} 45. Rc6 {[%clk 0:01:16]}  Bh7 {[%clk 0:00:33]} 46. Be6+ {[%clk 0:00:57]}  Kh8 {[%clk 0:00:34]} 47. Nxe5 {[%clk 0:00:52]}  Qg5+ {[%clk 0:00:26]} 48. Ng4 {[%clk 0:00:53]}  Bc5+ {[%clk 0:00:26]} 49. Rxc5 {[%clk 0:00:49]}  bxc5 {[%clk 0:00:28]} 50. Qxd5 {[%clk 0:00:41]}  Qg7 {[%clk 0:00:14]} 51. Qd8+ {[%clk 0:00:40]} 1-0


[Site "Internet"]